000 00797nam a2200265Ia 4500
003 OSt
005 20220918214438.0
006 a|||||r|||| 00| 0
007 ta
008 220917b |||||||| |||| 00| 0 eng d
024 _a137,570
037 _cTextual
040 _aARTS
_cARTS
_beng
041 _2eng
_aeng
082 _aXM5:Z, L9
100 _aHorn Norbert ed
_9131401
245 0 _aRecht and entwicklung der grobunternehmen im 19 und fruhen 20 Jahrhundert
260 _aGottingen
_bVandenhoeck and Ruprecht
_c1979
300 _a684p.
_ccm.
490 _aKritische studien zen geschichts wissenschaft; 40
650 _aECONOMICS
700 _a Kocka Jurgen ed
_935641
942 _hXM5:Z, L9
_cTEXL
_2CC
999 _c260650
_d260650